LEADER 01225nam a2200289 i 4500 001 000000176390 003 CaOOAMICUS 005 20081204000000.0 008 081204s1982 it u000 u fre u 013 $a153879 020 $a2-85847-029-4 040 $aSeMil$bita 100 1 $aLaurentin, René,$d<1917-2017>.$0(OLS)http://semarc/name/89095 245 10$aTrois Charismes :$bDiscernement, Guérison, Don de science /$cRené Laurentin. 260 $aParis :$bPneumathèque,$c1982. 300 $a68 p. ;$c18 cm. 500 $aDono di don Romano Martinelli. 650 4$aDiscernimento spirituale.$0(OLS)http://semarc/subject/1384 650 4$aCarismi.$0(OLS)http://semarc/subject/5606 650 4$aSapienza.$0(OLS)http://semarc/subject/28490 650 4$aFede e guarigione.$0(OLS)http://semarc/subject/7117 850 $aSeMil 852 $aSeMil$W1$xVenegono$y1$m3G I 254$j127212$B127212$CSeMilBibl$Z2$F138157 $81 961 $aOmaggio: Martinelli don Romano 996 $6020$a2-85847-029-4$9(OLS)http://semarc/number/164928 996 $6245$aTrois Charismes :$bDiscernement, Guérison, Don de science$9(OLS)http://semarc/title/253158 996 $6260$aParis :$bPneumathèque$9(OLS)http://semarc/publisher/49389 LEADER 00946nam a2200181 i 4500 001 000000055513 003 CaOOAMICUS 005 19970702000000.0 008 970702n it u000 u ita u 013 $a26685 040 $aSeMil$bita 100 1 $aBorraccini, Sisto .$0(OLS)http://semarc/name/27898 245 10$aIdentità di scienza e filosofia in Ugo Spirito. Roma :$b[s.n.], 1967. ((Excerpta ex dissertatione ad Lauream in Facultate Philosophica Pontificiae Universitatis Gregorianae. 650 4$aSpirito, Ugo.$0(OLS)http://semarc/subject/10033 650 4$aTesi di laurea.$0(OLS)http://semarc/subject/1690 850 $aSeMil 852 $aSeMil$W1$xVenegono$y1$m2I II 587$j21667$B21667$CSeMilBibl$Z2$F21669 $81 996 $6245$aIdentità di scienza e filosofia in Ugo Spirito. Roma :$b[s.n.], 1967. ((Excerpta ex dissertatione ad Lauream in Facultate Philosophica Pontificiae Universitatis Gregorianae.$9(OLS)http://semarc/title/86114